书目信息 |
| 题名: |
边城
|
|
| 作者: | 沈从文, 著 | |
| 分册: | ||
| 出版信息: | 成都 天地出版社 2021.06 |
|
| 页数: | 144页 | |
| 开本: | 19cm | |
| 丛书名: | 沈从文著作集 | |
| 单 册: | ||
| 中图分类: | I246.57 | |
| 科图分类: | ||
| 主题词: | 中篇小说--zhong pian xiao shuo--中国--现代 | |
| 电子资源: | ||
| ISBN: | 978-7-5455-5930-9 | |
| 000 | 01494nam 2200265 450 | |
| 001 | 0100028691 | |
| 005 | 20211025120205.0 | |
| 010 | @a978-7-5455-5930-9@dCNY30.00 | |
| 100 | @a20210712d2021 em y0chiy50 ea | |
| 101 | 0 | @achi |
| 102 | @aCN@b510000 | |
| 105 | @aa z 000ay | |
| 106 | @ar | |
| 200 | 1 | @a边城@Abian cheng@f沈从文著 |
| 210 | @a成都@c天地出版社@d2021.06 | |
| 215 | @a144页@c图@d19cm | |
| 225 | 2 | @a沈从文著作集@Ashen cong wen zhu zuo ji@i小说 |
| 314 | @a沈从文 (1902—1988), 原名沈岳焕, 字崇文。湖南凤凰人。中国现代著名作家、文物研究专家。代表作有小说集《边城》《长河》《萧萧》《月下小景》《八骏图》, 散文集《从文自传》《湘行散记》《湘西》等。1924年开始文学创作, 1928年以后, 先后在上海、武汉、青岛、北京等地大学任教, 同时写作不辍。抗战爆发后, 到昆明的西南联大任教, 1946年随北京大学回到北平。新中国成立后, 先后在中国历史博物馆和中国社会科学院历史研究所工作, 主要从事中国古代文物特别是服饰史的研究, 1981年出版《中国古代服饰研究》。 | |
| 330 | @a本书是一部田园牧歌式的杰作。在这部小说中, 沈从文描绘了一个如同世外桃源般的边城小镇, 讲述了一个纯粹、美丽而淡淡忧伤的爱情故事。在他的笔下, 湘西淳朴天然的人情世道, 野性自由的生命形态以及澄澈纯净的人性, 均一一铺陈开来, 关于“爱”与“美”的美学理想, 在这部小说中得到了完整的体现。 | |
| 410 | 0 | @12001 @a沈从文著作集@i小说 |
| 606 | 0 | @a中篇小说@Azhong pian xiao shuo@y中国@z现代 |
| 690 | @aI246.57@v5 | |
| 701 | 0 | @a沈从文,@Ashen cong wen@f1902-1988@4著 |
| 801 | 0 | @aCN@c20210909 |
| 905 | @a河南城建学院图书馆@dI246.57@eS387 | |
| 边城/沈从文著.-成都:天地出版社,2021.06 |
| 144页:图;19cm.-(沈从文著作集.小说) |
| ISBN 978-7-5455-5930-9:CNY30.00 |
| 本书是一部田园牧歌式的杰作。在这部小说中, 沈从文描绘了一个如同世外桃源般的边城小镇, 讲述了一个纯粹、美丽而淡淡忧伤的爱情故事。在他的笔下, 湘西淳朴天然的人情世道, 野性自由的生命形态以及澄澈纯净的人性, 均一一铺陈开来, 关于“爱”与“美”的美学理想, 在这部小说中得到了完整的体现。 |
| ● |
| 相关链接 |
|
|
|
正题名:边城
索取号:I246.57/S387
 
预约/预借
| 序号 | 登录号 | 条形码 | 馆藏地/架位号 | 状态 | 备注 |
| 1 | 1546906 | 215469062 | 文学库108/108文学库 24排5列4层/ [索取号:I246.57/S387] | 在馆 | |
| 2 | 1546907 | 215469071 | 文学库108/108文学库 24排5列4层/ [索取号:I246.57/S387] | 在馆 | |
| 3 | 1546908 | 215469080 | 文学库108/108文学库 24排5列4层/ [索取号:I246.57/S387] | 在馆 |